000 00854nam a2200325Ia 4500
003 OSt
005 20220912144543.0
006 a|||||r|||| 00| 0
007 ta
008 220909b |||||||| |||| 00| 0 eng d
020 _a8120311655 (pbk)
020 _aSL0859868
024 _a193333
037 _cTextual
040 _aCSL
_beng
_cCSL
041 _aeng
082 _aD65,8(B):71, M8;P0;1
100 _aTanenbaum Andrew S
245 0 _aComputer networks
250 _a3
260 _aNew Delhi
_b Prentice-Hall of India
_c2000
300 _axvii, 813p. ill.
500 _aIndex 795-913p.
650 _a Network layer
650 _a Physical layer
650 _aApplication layer
700 _aTanenbaum Andrew S
942 _hD65,8(B):71, M8;P0;1
_cTEXL
_2CC
999 _c11817
_d11817